| Tag |
First Indicator |
Second Indicator |
Subfields |
| LEADER |
00000pam a2200000 a 4500 |
| 001 |
in00000581421 |
| 005 |
20151014071513.0 |
| 008 |
841025s1985 nyu 00110 eng |
| 010 |
|
|
|a 84025624
|
| 020 |
|
|
|a 053109586X
|
| 035 |
|
|
|a (OCoLC)11370336
|
| 035 |
|
|
|9 ACP1177AM
|
| 039 |
0 |
|
|a 2
|b 3
|c 3
|d 3
|e 3
|
| 040 |
|
|
|a DLC
|c DLC
|d TXA
|d UtOrBLW
|
| 049 |
|
|
|a TXAM
|c [A09135493]
|
| 050 |
0 |
0 |
|a HG4527
|b .C87 1985
|
| 082 |
0 |
|
|a 332.6/78
|2 19
|
| 100 |
1 |
|
|a Currier, Chet.
|
| 245 |
1 |
4 |
|a The investor's encyclopedia /
|c by Chet Currier (Business News, Associated Press).
|
| 264 |
|
1 |
|a New York :
|b F. Watts,
|c 1985.
|
| 300 |
|
|
|a xxxi, 448 pages ;
|c 24 cm.
|
| 336 |
|
|
|a text
|b txt
|2 rdacontent
|
| 337 |
|
|
|a unmediated
|b n
|2 rdamedia
|
| 338 |
|
|
|a volume
|b nc
|2 rdacarrier
|
| 500 |
|
|
|a Includes index.
|
| 650 |
|
0 |
|a Investments
|v Handbooks, manuals, etc.
|
| 710 |
2 |
|
|a Associated Press.
|
| 999 |
|
|
|a MARS
|
| 999 |
f |
f |
|s a57965b8-c01e-34b9-bc4e-6c406b69f7fe
|i 53bc67cf-c024-306d-87b5-2b3308b327c7
|t 0
|
| 952 |
f |
f |
|p ric
|a Texas A&M University
|b Rellis Campus
|c Joint Library Facility
|d Remote Storage
|t 0
|e HG4527 .C87 1985
|h Library of Congress classification
|i unmediated -- volume
|m A14809135493
|
| 998 |
f |
f |
|a HG4527 .C87 1985
|t 0
|l Remote Storage
|